| 000 | 01027nam a22002895a 4500 | ||
|---|---|---|---|
| 005 | 20171104131439.0 | ||
| 008 | 170424t2016 ii a frbd 001 0 eng d | ||
| 020 | _a9789352500475 | ||
| 040 |
_aEG-ScBUE _beng _cEG-ScBUE _dEG-ScBUE _dEG-ScBUE |
||
| 082 | 0 | 4 |
_a610.7368 _bSRE _222 |
| 100 | 1 |
_aSreevani, R. _928939 |
|
| 245 | 1 | 2 |
_aA guide to mental health and psychiatric nursing / _cR. Sreevani ; forword K. Reddemma. |
| 246 | 3 | 0 | _aMental health and psychiatric nursing |
| 250 | _a4th ed. | ||
| 260 |
_aNew Delhi : _bThe Health Sciences Publisher, _cc.2016. |
||
| 300 |
_axxvii, 491 p. : _bill. ; _c24 cm. |
||
| 500 | _aGlossary : p. 465-474. | ||
| 500 | _aIndex : p. 477-491. | ||
| 504 | _aIncludes bibliographical references. | ||
| 650 | 7 |
_aMental Disorders _2BUEsh _910239 _xnursing. |
|
| 650 | 7 |
_aPsychiatric nursing. _2BUEsh _936309 |
|
| 651 | _2BUEsh | ||
| 653 |
_bNNUR _cApril2017 _cSeptember2017 _cNovember2017 |
||
| 655 |
_vText book _933728 |
||
| 700 | 1 |
_aReddemma, K., _eauthor of introduction, etc. |
|
| 942 | _2ddc | ||
| 999 |
_c24693 _d24665 |
||